| 000 | 01517cam a22003011i 4500 | ||
|---|---|---|---|
| 003 | SA-RiAUC | ||
| 005 | 20250822123632.0 | ||
| 008 | 250731s2012_ iq g 000 i ara c | ||
| 040 |
_aSA-JeALM _bara _cSA-RiAUC _erda |
||
| 082 | 0 | 4 |
_a816.9531 _qSA-RiAUC |
| 090 |
_a816.9531 _bب ز ر |
||
| 100 | 1 |
_aالبرزنجي، الحسن _eمؤلف. |
|
| 245 | 1 | 0 |
_aنفثة مصدور بين يدي صدر الصدور ؛ _bوتليها مقامات، أو، حوادث البرزنجي / _cتأليف الشيخ حسن البرزنجي ؛ قدم لها وعني بنشرها محمد علي القرداغي. |
| 246 | 3 | 0 | _aمقامات، أو، حوادث البرزنجي |
| 250 | _aالطبعة الأولى. | ||
| 264 | 1 |
_aالسليمانية، العراق : _bالمديرية العامة للمطبوعات، _c2012 |
|
| 300 |
_a132 صفحة ؛ _c20 سم |
||
| 336 |
_aنص _btxt _2rdacontent _3كتاب |
||
| 337 |
_aبدون وسيط _bn _2rdamedia |
||
| 338 |
_aمجلد _bnc _2rdacarrier |
||
| 650 | 7 |
_aالرسائل العربية _zالسعودية _yقرن 12 هجري _2aucsh |
|
| 650 | 7 |
_aالشعر العربي _zالسعودية _yقرن 12 هجري _2aucsh |
|
| 650 | 7 |
_aالمقامات العربية _zالسعودية _yقرن 12 هجري _2aucsh |
|
| 700 | 1 |
_aالقرداغي، محمد علي _eمقدم. |
|
| 700 | 1 | 2 |
_iمع (عمل) : _aالبرزنجي، الحسن. _tمقامات، أو، حوادث البرزنجي. |
| 942 |
_2ddc _cBOOK _n0 |
||
| 949 |
_aSA-JeALM _d250731 _umohamedma123 _n1 |
||
| 999 |
_c11012 _d11012 |
||